Statistiques concernant Vrai ou Faux : Cinéma #1

Cliquez ici pour prendre le quiz!

Statistiques générales

  • Ce quiz a été pris 174 fois
  • Le résultat moyen est 10 sur 18

Statistiques - réponses

QuestionRéponse% Correct
Marilyn Monroe n'a jamais eu d'enfantsVrai
76%
Clint Eastwood est plus vieux que Jean-Pierre MarielleVrai
71%
Avant de se lancer dans les long-métrages, David Fincher réalisa des clips pour MadonnaVrai
69%
Orson Welles n'avait que 25 ans lorsqu'il réalisa Citizen KaneVrai
68%
Le réalisateur Martin Scorsese et le scénariste Paul Schrader ont collaborés à quatre reprisesVrai
64%
Ce n'est qu'en 2010 qu'une femme gagne l'Oscar du meilleur réalisateur pour la première foisVrai
60%
L'actrice Ingrid Bergman est la nièce du réalisateur Ingmar BergmanFaux
59%
Les Valseuses est le premier film de son réalisateur, Bertrand BlierFaux
56%
Claude Chabrol et Gérard Depardieu n'ont fait qu'un seul film ensembleVrai
56%
James Dean est mort à 24 ans dans un accident de motoFaux
54%
Le film Carnage de Roman Polanski, sorti en 2011, fut entièrement tourné à New YorkFaux
53%
Luc Besson réalisa Taken avec Liam Neeson en 2008Faux
53%
Il était une fois en Amérique fut le film le plus rentable de 1984Faux
50%
Les Temps modernes est le dernier film de Charlie Chaplin où apparait le personnage de CharlotVrai
44%
Alain Delon a réalisé 2 films au cours de sa carrièreVrai
44%
George Brassens a tourné dans un total de 5 filmsFaux
42%
Audrey Hepburn est plus vieille que Jeanne MoreauFaux
41%
Bourvil est plus vieux que Louis de FunèsFaux
39%

Distribution des résultats

Percentile par nombre de réponses

% des personnes avec chaque résultat

Votre développement - résultats

Vous n’avez pas pris ce quiz